Normal view MARC view

Entry Personal Name

Number of records used in: 1

001 - CONTROL NUMBER

  • control field: 7351

003 - CONTROL NUMBER IDENTIFIER

  • control field: OSt

005 - DATE AND TIME OF LATEST TRANSACTION

  • control field: 20211028144057.0

008 - FIXED-LENGTH DATA ELEMENTS

  • fixed length control field: 211028|| aca||aabn | a|a d

040 ## - CATALOGING SOURCE

  • Original cataloging agency: OSt
  • Transcribing agency: OSt

100 ## - HEADING--PERSONAL NAME

  • Personal name: Chengappa P D,Lahar; James, Justine.
  • Miscellaneous information: 1316078

670 ## - SOURCE DATA FOUND

  • Source citation: Work cat.: (OSt): Chengappa P D,Lahar; James, Justine. 1316078, Analysis of customer satisfaction with special reference to apt interiors and designers Mysore., 2015